00549nam a2200217Ia 4500008004000000020001800040041000800058082001600066100002000082245007600102260004600178300001300224650001000237650001000247650001400257650001600271650001300287650001000300650001100310650001000321210210b2017 xxu||||| |||| 00| 0 eng d a9780199468157 aeng a305.56 GORP aGORRINGE (Hugo) aPanthers in parliament: dalits caste and political power in South India aNew DelhibOxford University Pressc2017 axxvi,397 aSouth apower apolitical aparliament: aPanthers aIndia adalits acaste